MARC

LEADER 00000nam0a2200000 4500
001 367438
005 20231102012001.0
035 |a (RuTPU)RU\TPU\retro\24801 
090 |a 367438 
100 |a 20220314d1978 m y0rusy50 ca 
101 0 |a rus 
102 |a UA 
105 |a a j 000zy 
200 1 |a Светосигнальные системы посадки и их оборудование  |e учебное пособие для вузов  |f Л. Ф. Онищенко  |g Киевский институт инженеров гражданской авиации 
210 |a Киев  |c [Б. и.]  |d 1978 
215 |a 72 с.  |c ил. 
606 1 |a Аэродромы  |x Светосигнальные устройства  |2 stltpush  |3 (RuTPU)RU\TPU\subj\29902  |9 53130 
610 1 |a аэропорты 
610 1 |a светотехническое оборудование 
610 1 |a наземное обустройство 
610 1 |a летающие аппараты 
610 1 |a посадка 
610 1 |a световые сигналы 
610 1 |a учебные пособия 
675 |a 656.71(075.8)  |v 4 
700 1 |a Онищенко  |b Л. Ф.  |g Людмила Федоровна 
712 0 2 |a Киевский институт инженеров гражданской авиации  |2 stltpush  |3 (RuTPU)RU\TPU\col\7483  |9 24336 
801 1 |a RU  |b 63413507  |c 20220314 
942 |c BK